| 000 | 00791nam a2200277Ia 4500 | ||
|---|---|---|---|
| 003 | GCL | ||
| 008 | 140319s9999 xx 000 0 ara d | ||
| 040 |
_aGCL / _cGCL |
||
| 082 | 0 | 4 |
_a745.6 _bا خ |
| 100 | 1 | _aاميل يعقوب | |
| 245 | 1 | 0 |
_aالخط العربى: نشاتة, تطورة, مشكلاتة, دعوات اصلاحة / _cاميل يعقوب |
| 260 |
_a[S.N] : _bجروس برس |
||
| 300 | _a158 ص | ||
| 490 | _a | ||
| 650 | 0 | 4 | _aتاريخ |
| 650 | 0 | 4 | _aالعلم |
| 650 | 0 | 4 | _aالكتابة |
| 650 | 0 | 4 | _aالخط العربى |
| 650 | 0 | 4 | _aالكتابة العربية |
| 650 | 0 | 4 | _aالنقوش العربية |
| 650 | 0 | 4 | _aالخط |
| 650 | 0 | 4 | _aتحسين |
| 650 | 0 | 4 | _aالخط الكوفى |
| 650 | 0 | 4 | _aخط اليونانى |
| 942 |
_2ddc _cBK |
||
| 999 |
_c55502 _d55502 |
||